| 000 | 00531nam a2200181 a 4500 | ||
|---|---|---|---|
| 001 | 000019952 | ||
| 005 | 20200929170214.0 | ||
| 008 | 100709s1925 sp r 000 p spa d | ||
| 040 |
_aDO-SdBNP _bspa _cBNPHU |
||
| 082 |
_aC861.3 _bV152s |
||
| 100 | 1 |
_aValencia, Guillermo, _d1873-1943 _942544 |
|
| 245 | 1 | 0 |
_aSus mejores poemas / _cGuillermo Valencia. |
| 260 |
_aMadrid : _bEditorial América, _c1925. |
||
| 300 |
_a219 p. ; _c19 cm. |
||
| 650 | 4 |
_aPoesía colombiana _93742 |
|
| 650 | 4 |
_aLiteratura colombiana _91244 |
|
| 049 | _aBNGR | ||
| 999 |
_c19465 _d19465 |
||